| 000 | 00662nam a22002177a 4500 | ||
|---|---|---|---|
| 005 | 20170124110147.0 | ||
| 010 | _aB-040990 | ||
| 020 |
_c00.00 _a8185814007 |
||
| 035 | _aB-040990 | ||
| 037 | _bCen Lib/Ret | ||
| 040 |
_aDPL _bEN |
||
| 082 |
_a658.562 _bHUT |
||
| 100 |
_aHutchins, David _992403 |
||
| 245 |
_aIn pursuit of quality / _cby David Hutchins |
||
| 260 |
_aAllahabad _bWheeler Publishing _c1992 |
||
| 270 |
_a23, L. B. Shastri Marg _bAllahabad |
||
| 300 |
_ax,276. : _c22cm(Hb) _bill. |
||
| 650 |
_aTotal quality management--Congresses _992404 |
||
| 650 |
_aProblem solving--Congresses _992405 |
||
| 942 |
_2ddc _cEN _h658.562 _mHUT |
||
| 999 |
_c132035 _d132035 |
||